000 00302nam a22001337a 4500
008 170725b xxu||||| |||| 00| 0 eng d
020 _a9780136139867
041 _aeng
080 _a004
100 _a29
101 _aSHK
245 _aMICROSOFT OFFICE 2017 IN BUSINESS
_cMANZO,J.M
942 _2udc
_cBK
999 _c21879
_d21879